Discographie de Calogero (2000-2024) - Statistiques

Statistiques générales
  • Ce quiz a été pris 86 fois
    43 depuis la dernière actualisation
  • Le résultat moyen est 39 sur 119
Statistiques - réponses
Groupe Réponse % Correct
Calogero (2002) En apesanteur
100%
Pomme C (2007) Pomme C
97%
A.M.O.U.R (2023) A.M.O.U.R
91%
Les feux d'artifice (2015) Un jour au mauvais endroit
91%
Centre ville (2021) Centre ville
88%
Calog3ro (2004) Face à la mer
88%
Les feux d'artifice (2015) Le portrait
88%
Les feux d'artifice (2015) Les feux d'artifice
88%
Liberté chérie (2017) Je joue de la musique
85%
Liberté chérie (2017) Liberté chérie
85%
Calog3ro (2004) Yalla
85%
Calog3ro (2004) Si seulement je pouvais lui manquer
82%
L'Embellie (2009) L'embellie
79%
X (2024) X
79%
L'Embellie (2009) C'est dit
76%
Liberté chérie (2017) 1987
73%
Calogero (2002) Prendre racine
73%
Au Milieu Des Autres (2000) Au milieu des autres
64%
Les feux d'artifice (2015) J'ai le droit aussi
64%
Calogero (2002) Aussi libre que moi
58%
Centre ville (2021) Celui d'en bas
55%
Centre ville (2021) Celui d'en bas - Edit
55%
Liberté chérie (2017) Fondamental
55%
Liberté chérie (2017) Voler de nuit
55%
L'Embellie (2009) La fin de la fin du monde
52%
Centre ville (2021) La rumeur
52%
L'Embellie (2009) Nathan
52%
Calogero (2002) Tien An Men
52%
Centre ville (2021) C'était mieux après
48%
Les feux d'artifice (2015) Conduire en Angleterre
48%
Les feux d'artifice (2015) Fidèle
48%
A.M.O.U.R (2023) Le hall des départs
48%
L'Embellie (2009) L'ombre et la lumière
48%
A.M.O.U.R (2023) Derrière ma fenêtre
45%
Liberté chérie (2017) Julie
45%
L'Embellie (2009) La bourgeoisie des sensations
45%
Les feux d'artifice (2015) Avant toi
42%
Centre ville (2021) On fait comme si
42%
Centre ville (2021) Stylo vert
42%
Pomme C (2007) Suis-je assez clair
42%
Liberté chérie (2017) À perte de vue
39%
Liberté chérie (2017) On se sait par coeur
39%
X (2024) Parie qu'on s'aime encore
39%
L'Embellie (2009) Passage des cyclones
39%
Au Milieu Des Autres (2000) Prendre l'air
39%
Centre ville (2021) Vidéo
39%
X (2024) Bulles de savon
36%
Les feux d'artifice (2015) Jimmy
36%
Pomme C (2007) Le saut de l'ange
36%
Liberté chérie (2017) Le vélo d'hiver
36%
A.M.O.U.R (2023) Donne
33%
A.M.O.U.R (2023) La nuit n'est jamais noire
33%
Les feux d'artifice (2015) L'éclipse
33%
Les feux d'artifice (2015) Le monde moderne
33%
A.M.O.U.R (2023) Juste une chanson
30%
X (2024) Ne reste pas seul
30%
Calog3ro (2004) Safe Sex
30%
Pomme C (2007) Danser encore
27%
Calogero (2002) Le plus beau jour / L'Européen
27%
X (2024) Mieux qu'ici
27%
Calogero (2002) À la gueule des noyés
24%
Les feux d'artifice (2015) Cristal
24%
A.M.O.U.R (2023) Dénouement heureux
24%
X (2024) Le pire de nous
24%
A.M.O.U.R (2023) Marie
24%
Pomme C (2007) Me dit-elle
24%
X (2024) Prends ma main
21%
L'Embellie (2009) Tu es fait pour voler
21%
Pomme C (2007) Hypocondriaque / 6 milliards de personnes
18%
Pomme C (2007) Je sais
18%
Centre ville (2021) Le temps
15%
Liberté chérie (2017) Ma maison
15%
Calogero (2002) Partir ou rester
15%
A.M.O.U.R (2023) Rien comme les autres
15%
Centre ville (2021) Titanic
15%
Calog3ro (2004) Un jour parfait
15%
Liberté chérie (2017) Comment font-ils ?
12%
Au Milieu Des Autres (2000) De cendres et de terre
12%
Au Milieu Des Autres (2000) Devant toi
12%
X (2024) En harmonie
12%
Pomme C (2007) Game Over
12%
Calog3ro (2004) Il bat
12%
Calogero (2002) Je vis où tu m'as laissé
12%
Calog3ro (2004) La bienvenue
12%
Calog3ro (2004) Les hommes endormis
12%
X (2024) Louise
12%
Liberté chérie (2017) Premier pas sous la lune
12%
L'Embellie (2009) Tu n'as qu'à m'attraper
12%
Pomme C (2007) Drôle d'animal
9%
Les feux d'artifice (2015) Elle me manque déjà
9%
Calog3ro (2004) Fais comme tu veux
9%
L'Embellie (2009) J'attends
9%
Les feux d'artifice (2015) La boîte à musique
9%
Pomme C (2007) Mélodies en sous-sol
9%
Calogero (2002) Prouver l'amour
9%
Calog3ro (2004) Qui parlait
9%
A.M.O.U.R (2023) Si tu passes par là
9%
A.M.O.U.R (2023) Cache cache
6%
Au Milieu Des Autres (2000) Dire
6%
L'Embellie (2009) Il Conte
6%
Liberté chérie (2017) Le baiser sans prénom
6%
Centre ville (2021) Mauvais perdant
6%
Centre ville (2021) Peut-être
6%
Calog3ro (2004) Rare
6%
Pomme C (2007) Sans l'amour
6%
Au Milieu Des Autres (2000) Danser sur les braises
3%
L'Embellie (2009) Je me suis trompée
3%
Calog3ro (2004) Je n'ai que nous à vivre
3%
X (2024) Les absents
3%
Au Milieu Des Autres (2000) Le secret
3%
Centre ville (2021) Le temps - Bonus
3%
Centre ville (2021) Cinq heures et quart
0%
Au Milieu Des Autres (2000) Je t'emmène où t'aime
0%
Calogero (2002) Juste un peu de silence
0%
Au Milieu Des Autres (2000) Pas un jour ne passe
0%
Au Milieu Des Autres (2000) Sombre et sentimental
0%
Calogero (2002) Une dernière chance
0%
Au Milieu Des Autres (2000) Un monde en équilibre
0%
Au Milieu Des Autres (2000) Un peu de vent dans l'oubli / Suppiique pour être enterré sur la plage de Sète
0%
Aucun quiz correspondant
Distribution des résultats
% des personnes avec chaque résultat
Percentile par nombre de réponses
Votre historique - résultats
Vous n’avez pas pris ce quiz depuis la dernière actualisation